[Event "St Petersburg-ch Seniors (Women)"]
[Site "St Petersburg"]
[Date "2022.09.29"]
[Round "6"]
[White "Mednikova, Svetlana"]
[Black "Gladisheva, Tatjana"]
[Result "1/2-1/2"]
[WhiteElo "2092"]
[BlackElo "2162"]
[PlyCount "55"]
[EventDate "2022.09.24"]
[EventType "swiss"]
[EventRounds "9"]
[EventCountry "RUS"]
[SourceTitle "CBM 210 Extra"]
[Source "ChessBase"]
[SourceDate "2022.11.30"]
[SourceVersion "1"]
[SourceVersionDate "2022.11.30"]
[SourceQuality "1"]

1. e4 e5 2. Nf3 d5 3. Nxe5 Bd6 4. d4 dxe4 5. Nc4 Nf6 6. Nc3 Bf5 7. Bg5 Be7 8. Qd2 0-0 9. 0-0-0 c6 10. h3 Nd5 11. Bxe7 Qxe7 12. g4 Nxc3 13. Qxc3 Be6 14. Kb1 f5 15. Ne5 Nd7 16. Bc4 Rae8 17. Bxe6+ Qxe6 18. gxf5 Rxf5 19. Nxd7 Qxd7 20. Qg3 Rf3 21. Qh4 Qf5 22. Rd2 Rf8 23. Re2 Rf4 24. Qe7 Rxf2 25. Rxf2 Qxf2 26. Qxe4 Qf1+ 27. Qe1 Qxe1+ 28. Rxe1 1/2-1/2

[Event "EU-ch Seniors 50 19th"]
[Site "Rhodes"]
[Date "2019.04.10"]
[Round "5"]
[White "Mednikova, Svetlana"]
[Black "Martinez Lopez, Jaime"]
[Result "1/2-1/2"]
[WhiteElo "2094"]
[BlackElo "1992"]
[PlyCount "84"]
[EventDate "2019.04.06"]
[EventType "swiss"]
[EventRounds "9"]
[EventCountry "GRE"]
[SourceTitle "CBM 189 Extra"]
[Source "ChessBase"]
[SourceDate "2019.06.03"]
[SourceVersion "1"]
[SourceVersionDate "2019.06.03"]
[SourceQuality "1"]

1. e4 c6 2. d4 d5 3. exd5 cxd5 4. c4 Nf6 5. Nc3 g6 6. Qb3 Bg7 7. cxd5 0-0 8. Be2 Nbd7 9. d6 exd6 10. Nf3 Nb6 11. Bg5 Be6 12. Qc2 h6 13. Bf4 Nbd5 14. Bd2 Rc8 15. 0-0 a6 16. a3 b5 17. Rfc1 Re8 18. Qd1 Nb6 19. b3 Qe7 20. Bd3 Qb7 21. Ne2 Bg4 22. Ng3 Nbd5 23. h3 Bd7 24. Rxc8 Rxc8 25. Rc1 Bc6 26. Ne4 Nxe4 27. Bxe4 f5 28. Bd3 Nf6 29. Bf4 Ne4 30. Be3 Kh7 31. Bf1 Bd5 32. Rxc8 Qxc8 33. b4 Qc3 34. Qc1 Qxc1 35. Bxc1 Kg8 36. Bd3 Kf7 37. Kf1 Ke6 38. Ke2 g5 39. Bb2 Bf6 40. g4 fxg4 41. hxg4 Bb7 42. Ke3 d5 1/2-1/2

[Event "Wch Seniors 50 (Women) 28th"]
[Site "Bled"]
[Date "2018.11.19"]
[Round "2"]
[White "Mednikova, Svetlana"]
[Black "Schulz, Petra"]
[Result "1/2-1/2"]
[WhiteElo "2099"]
[BlackElo "2075"]
[PlyCount "83"]
[EventDate "2018.11.18"]
[EventType "swiss"]
[EventRounds "11"]
[EventCountry "SLO"]
[SourceTitle "CBM 187 Extra"]
[Source "ChessBase"]
[SourceDate "2018.11.04"]
[SourceVersion "1"]
[SourceVersionDate "2018.11.04"]
[SourceQuality "1"]

1. e4 e6 2. d4 d5 3. Nc3 Bb4 4. e5 Qd7 5. Qg4 f5 6. Qg3 b6 7. Nh3 Ba6 8. Bxa6 Nxa6 9. Nf4 Bf8 10. a3 Nb8 11. 0-0 Nc6 12. Nce2 Nge7 13. b3 g6 14. Bb2 Nd8 15. Rac1 Bh6 16. c4 c6 17. Qh3 Bg7 18. Rc2 0-0 19. Rfc1 Rb8 20. cxd5 Nxd5 21. Nxd5 Qxd5 22. Qe3 Qd7 23. f4 Rf7 24. b4 Bf8 25. Qc3 Ra8 26. Qb3 b5 27. Ra1 a5 28. bxa5 Rxa5 29. Rd2 Qa7 30. Nc1 Rd7 31. Qc3 Ra4 32. Nb3 b4 33. axb4 Bxb4 34. Rxa4 Qxa4 35. Qc4 Rd5 36. Rc2 Qb5 37. Qxb5 Rxb5 38. Bc3 Kf7 39. Bxb4 Rxb4 40. Rc3 Ke8 41. g3 Ra4 42. Rc2 1/2-1/2

[Event "EU-ch Seniors 50 (Women)"]
[Site "Drammen"]
[Date "2018.08.14"]
[Round "6"]
[White "Strutinskaya, Galina N"]
[Black "Mednikova, Svetlana"]
[Result "0-1"]
[WhiteElo "2208"]
[BlackElo "2110"]
[PlyCount "90"]
[EventDate "2018.08.04"]
[EventType "tourn"]
[EventRounds "8"]
[EventCountry "NOR"]
[SourceTitle "EXT 2023"]
[Source "ChessBase"]
[SourceDate "2022.10.05"]
[SourceVersion "1"]
[SourceVersionDate "2022.10.05"]
[SourceQuality "1"]

1. d4 d5 2. c4 c6 3. Nf3 e6 4. Qc2 dxc4 5. Qxc4 b5 6. Qc2 Bb7 7. Nbd2 Qb6 8. Nb3 Nd7 9. Be3 Ngf6 10. Rc1 Nd5 11. Bd2 a5 12. a3 a4 13. Nc5 Nxc5 14. dxc5 Qc7 15. e4 Nf6 16. g3 Nd7 17. Bb4 Be7 18. Be2 0-0 19. 0-0 Rfd8 20. Ne1 e5 21. Nd3 Nf8 22. f4 exf4 23. gxf4 Ne6 24. Bg4 Nd4 25. Qg2 f5 26. Bd1 Bc8 27. e5 Be6 28. Rc3 Bd5 29. Qh3 Rf8 30. Ne1 Rad8 31. Nc2 Be4 32. Nxd4 Rxd4 33. b3 axb3 34. Bxb3+ Kh8 35. Be6 Qd8 36. Qe3 Rd2 37. Rf2 Rd1+ 38. Rf1 Rxf1+ 39. Kxf1 Qd1+ 40. Qe1 Bg2+ 41. Kf2 Bh4+ 42. Rg3 Qf3+ 43. Kg1 Bxg3 44. hxg3 Rd8 45. Kh2 Bf1 0-1

[Event "Wch Seniors 50 (Women) 27th"]
[Site "Acqui Terme"]
[Date "2017.11.11"]
[Round "4"]
[White "Lauterbach, Ingrid"]
[Black "Mednikova, Svetlana"]
[Result "1-0"]
[WhiteElo "2007"]
[BlackElo "2128"]
[PlyCount "113"]
[EventDate "2017.11.07"]
[EventType "swiss"]
[EventRounds "9"]
[EventCountry "ITA"]
[SourceTitle "CBM 181 Extra"]
[Source "ChessBase"]
[SourceDate "2017.12.12"]
[SourceVersion "1"]
[SourceVersionDate "2017.12.12"]
[SourceQuality "1"]

1. e4 e6 2. d3 d5 3. Nd2 c5 4. g3 Nc6 5. Bg2 Nf6 6. Ngf3 g6 7. 0-0 Bg7 8. c3 0-0 9. exd5 exd5 10. Nb3 b6 11. d4 c4 12. Nbd2 Bf5 13. Re1 Re8 14. Rxe8+ Qxe8 15. Ne5 Nxe5 16. dxe5 Ne4 17. f4 Nxd2 18. Bxd2 Rd8 19. Be3 Bd3 20. Bd4 Qc6 21. Qd2 a5 22. Qe3 Bf8 23. b3 Bc5 24. bxc4 Bxd4 25. cxd4 Bxc4 26. f5 Re8 27. Qh6 Kh8 28. f6 Rg8 29. Bh3 Qe8 30. Re1 Qf8 31. Qd2 Qb4 32. Qf2 h6 33. Qe3 Kh7 34. a3 Qb3 35. Qf2 Qa2 36. Qf4 g5 37. Qf5+ Kh8 38. e6 Qd2 39. Qe5 Bd3 40. e7 Be4 41. Rxe4 dxe4 42. Qxe4 Qd1+ 43. Bf1 Re8 44. Kf2 Qd2+ 45. Be2 Qb2 46. Qd5 Qd2 47. Qd7 Kh7 48. Qf5+ Kg8 49. Qd5 Qb2 50. Qd7 Kh7 51. Qf5+ Kg8 52. Qd3 Qa1 53. Kg2 Qa2 54. Qb5 Kh7 55. Kf2 Kg6 56. Qxe8 Kxf6 57. Qd8 1-0

[Event "Wch Seniors 50 (Women) 26th"]
[Site "Marianske Lazne"]
[Date "2016.11.30"]
[Round "11"]
[White "Mednikova, Svetlana"]
[Black "Strutinskaya, Galina N"]
[Result "0-1"]
[WhiteElo "2195"]
[BlackElo "2266"]
[PlyCount "94"]
[EventDate "2016.11.19"]
[EventType "swiss"]
[EventRounds "11"]
[EventCountry "CZE"]
[SourceTitle "CBM 175 Extra"]
[Source "ChessBase"]
[SourceDate "2016.12.12"]
[SourceVersion "1"]
[SourceVersionDate "2016.12.12"]
[SourceQuality "1"]

1. e4 c5 2. Nf3 e6 3. c3 a6 4. d4 Qc7 5. Bd3 d6 6. 0-0 Nd7 7. a4 b6 8. Qe2 Bb7 9. Nbd2 cxd4 10. cxd4 Ngf6 11. b3 d5 12. e5 Nh5 13. g3 Be7 14. Bb2 Nb8 15. Rac1 Qd7 16. Ne1 g6 17. f4 Nc6 18. f5 exf5 19. Bxf5 Qd8 20. Bb1 0-0 21. Nd3 a5 22. Nf3 Qd7 23. Rce1 Ng7 24. Nf2 Ba6 25. Bd3 Bxd3 26. Qxd3 Nb4 27. Qe2 Ne6 28. Nd3 Rac8 29. Nxb4 Bxb4 30. Rd1 Be7 31. Kg2 Ng7 32. Rc1 Qe6 33. Rxc8 Rxc8 34. Rc1 Nf5 35. Kf2 h5 36. h3 Kg7 37. Rc2 h4 38. gxh4 Bxh4+ 39. Nxh4 Nxh4 40. Rxc8 Qxc8 41. Qd3 Nf5 42. Qc3 Qd8 43. Qc6 Qg5 44. Qxb6 Qe3+ 45. Kg2 Qe2+ 46. Kg1 Qe1+ 47. Kg2 Nh4+ 0-1

[Event "Wch Seniors 50 (Women) 26th"]
[Site "Marianske Lazne"]
[Date "2016.11.29"]
[Round "10"]
[White "Sirotkina, Nina"]
[Black "Mednikova, Svetlana"]
[Result "1/2-1/2"]
[WhiteElo "2178"]
[BlackElo "2195"]
[PlyCount "94"]
[EventDate "2016.11.19"]
[EventType "swiss"]
[EventRounds "11"]
[EventCountry "CZE"]
[SourceTitle "CBM 175 Extra"]
[Source "ChessBase"]
[SourceDate "2016.12.12"]
[SourceVersion "1"]
[SourceVersionDate "2016.12.12"]
[SourceQuality "1"]

1. c4 e5 2. Nc3 Nc6 3. g3 g6 4. Bg2 Bg7 5. d3 Nge7 6. Rb1 a5 7. a3 d6 8. b4 axb4 9. axb4 0-0 10. b5 Nd4 11. e3 Ne6 12. Nge2 f5 13. f4 c6 14. bxc6 bxc6 15. 0-0 Bd7 16. Bd2 Rb8 17. Qc2 Qc7 18. Rxb8 Rxb8 19. Rb1 Rb7 20. Bf3 Qb8 21. Rxb7 Qxb7 22. Bc1 Nc5 23. Na4 Nxa4 24. Qxa4 c5 25. Bxb7 Bxa4 26. Nc3 Bc6 27. Bxc6 Nxc6 28. Nb5 Bf8 29. Kf2 Kf7 30. Bb2 exf4 31. exf4 Nb4 32. Ke2 d5 33. cxd5 Nxd5 34. Be5 Ke6 35. h3 Kd7 36. Na3 Ne7 37. Nc4 Nc6 38. Ke3 Ke6 39. Bb2 Be7 40. Bc3 Kd5 41. Nb6+ Ke6 42. Nc4 Bd8 43. g4 Ne7 44. Be5 Nd5+ 45. Kf3 Nb4 46. d4 cxd4 47. Bxd4 fxg4+ 1/2-1/2

[Event "Wch Seniors 50 (Women) 26th"]
[Site "Marianske Lazne"]
[Date "2016.11.27"]
[Round "8"]
[White "Baliuniene, Margarita"]
[Black "Mednikova, Svetlana"]
[Result "0-1"]
[WhiteElo "1877"]
[BlackElo "2195"]
[PlyCount "72"]
[EventDate "2016.11.19"]
[EventType "swiss"]
[EventRounds "11"]
[EventCountry "CZE"]
[SourceTitle "CBM 175 Extra"]
[Source "ChessBase"]
[SourceDate "2016.12.12"]
[SourceVersion "1"]
[SourceVersionDate "2016.12.12"]
[SourceQuality "1"]

1. Nf3 d5 2. g3 Nc6 3. d4 Bg4 4. Bg2 Qd7 5. h3 Bh5 6. Bf4 0-0-0 7. Nc3 Kb8 8. a3 f6 9. g4 Bf7 10. b4 g5 11. Bg3 h5 12. gxh5 e6 13. Qb1 Bd6 14. Bxd6 Qxd6 15. b5 Na5 16. Qb4 Nc4 17. Qxd6 cxd6 18. e4 dxe4 19. Nxe4 Rxh5 20. a4 b6 21. Ned2 Na5 22. c3 Ne7 23. Ne4 Nd5 24. Rc1 Rh6 25. Kf1 Nf4 26. Nfd2 d5 27. Ng3 Bg6 28. Bf3 Bd3+ 29. Ne2 f5 30. Ke1 Nxh3 31. Bg2 Rdh8 32. Bf1 g4 33. Bxh3 Rxh3 34. Rxh3 gxh3 35. Ng3 h2 36. Nh1 Rg8 0-1

[Event "WchT Seniors 50"]
[Site "Radebeul"]
[Date "2016.07.04"]
[Round "9.3"]
[White "Mednikova, Svetlana"]
[Black "Druckenthaner, Andreas"]
[Result "0-1"]
[WhiteElo "2180"]
[BlackElo "2281"]
[PlyCount "102"]
[EventDate "2016.06.26"]
[EventType "team-swiss"]
[EventRounds "9"]
[EventCountry "GER"]
[SourceTitle "CBM 173 Extra"]
[Source "ChessBase"]
[SourceDate "2016.08.29"]
[SourceVersion "1"]
[SourceVersionDate "2016.08.29"]
[SourceQuality "1"]
[WhiteTeam "Russia (Women)"]
[BlackTeam "Austria"]
[WhiteTeamCountry "RUS"]
[BlackTeamCountry "AUT"]

1. e4 e5 2. Nf3 Nc6 3. Bb5 Bd6 4. 0-0 a6 5. Bxc6 dxc6 6. d4 exd4 7. Nxd4 Ne7 8. f4 0-0 9. f5 c5 10. Nb3 Nc6 11. Be3 Qh4 12. h3 Qxe4 13. Qf3 Re8 14. Qxe4 Rxe4 15. Bxc5 Bxc5+ 16. Nxc5 Re5 17. Nd3 Rxf5 18. Nd2 Be6 19. Nf4 Nd4 20. Nxe6 Rxf1+ 21. Kxf1 Nxe6 22. Nf3 Rd8 23. Kf2 f6 24. Re1 Kf7 25. Re4 Rd5 26. a4 f5 27. Rb4 b6 28. Ke2 Kf6 29. h4 h6 30. g3 g5 31. hxg5+ hxg5 32. b3 g4 33. Ne1 Ng5 34. Rc4 c5 35. b4 Ne4 36. bxc5 bxc5 37. Nd3 Nxg3+ 38. Ke3 Ne4 39. a5 g3 40. Nf4 Re5 41. Kd3 Nd6 42. Ra4 Re4 43. Rxe4 fxe4+ 44. Ke3 Kf5 45. Nd5 Nc4+ 46. Ke2 Nxa5 47. Nc7 Ke5 48. Nxa6 Kd6 49. Ke3 Nc4+ 50. Ke2 Na3 51. Nb8 Nxc2 0-1

[Event "WchT Seniors 50"]
[Site "Radebeul"]
[Date "2016.07.02"]
[Round "7.3"]
[White "Mednikova, Svetlana"]
[Black "Speelman, Jonathan S"]
[Result "0-1"]
[WhiteElo "2180"]
[BlackElo "2523"]
[PlyCount "58"]
[EventDate "2016.06.26"]
[EventType "team-swiss"]
[EventRounds "9"]
[EventCountry "GER"]
[SourceTitle "CBM 173 Extra"]
[Source "ChessBase"]
[SourceDate "2016.08.29"]
[SourceVersion "1"]
[SourceVersionDate "2016.08.29"]
[SourceQuality "1"]
[WhiteTeam "Russia (Women)"]
[BlackTeam "England"]
[WhiteTeamCountry "RUS"]
[BlackTeamCountry "ENG"]

1. e4 g6 2. d4 Bg7 3. Nc3 d6 4. g3 a6 5. Bg2 Nc6 6. Nge2 e5 7. Be3 Nf6 8. h3 0-0 9. 0-0 exd4 10. Nxd4 Bd7 11. f4 Re8 12. Qd2 Na5 13. Bf2 c5 14. Nb3 Nc4 15. Qd3 b5 16. e5 dxe5 17. Nxc5 Nxb2 18. Qf3 e4 19. N3xe4 Nxe4 20. Nxe4 Rc8 21. Nd6 Bc6 22. Qa3 Bxg2 23. Kxg2 Rc3 24. Qxb2 Qxd6 25. Kh2 Rf3 26. Qc1 Bxa1 27. Qxa1 Re2 28. Kg1 Qd5 29. Qd4 Rxg3+ 0-1

[Event "WchT Seniors 50"]
[Site "Radebeul"]
[Date "2016.06.30"]
[Round "5.2"]
[White "Bischoff, Klaus"]
[Black "Mednikova, Svetlana"]
[Result "1-0"]
[WhiteElo "2500"]
[BlackElo "2180"]
[PlyCount "67"]
[EventDate "2016.06.26"]
[EventType "team-swiss"]
[EventRounds "9"]
[EventCountry "GER"]
[SourceTitle "CBM 173 Extra"]
[Source "ChessBase"]
[SourceDate "2016.08.29"]
[SourceVersion "1"]
[SourceVersionDate "2016.08.29"]
[SourceQuality "1"]
[WhiteTeam "Germany"]
[BlackTeam "Russia (Women)"]
[WhiteTeamCountry "GER"]
[BlackTeamCountry "RUS"]

1. c4 f5 2. b3 Nf6 3. Bb2 e6 4. g3 d5 5. cxd5 exd5 6. Nf3 Bd6 7. e3 0-0 8. Bg2 Qe7 9. 0-0 Bd7 10. Nc3 c6 11. Ne2 Na6 12. a3 Nc5 13. b4 Nd3 14. Bd4 a5 15. Qc2 Ne5 16. Nxe5 Bxe5 17. Bc5 Bd6 18. Bxd6 Qxd6 19. Qb2 Ng4 20. Qd4 axb4 21. axb4 Ne5 22. Nf4 Be6 23. Nh5 Rxa1 24. Rxa1 Bf7 25. f4 Bxh5 26. fxe5 Qe7 27. Qc3 Qg5 28. Ra7 Qg4 29. e6 d4 30. Qxd4 Qxd4 31. exd4 Re8 32. d5 cxd5 33. Bxd5 b6 34. Bc6 1-0

[Event "EU-ch Seniors 50 16th"]
[Site "Yerevan"]
[Date "2016.06.11"]
[Round "7"]
[White "Mednikova, Svetlana"]
[Black "Gayson, Peter"]
[Result "1/2-1/2"]
[WhiteElo "2180"]
[BlackElo "2122"]
[PlyCount "128"]
[EventDate "2016.06.05"]
[EventType "swiss"]
[EventRounds "9"]
[EventCountry "ARM"]
[SourceTitle "CBM 172 Extra"]
[Source "ChessBase"]
[SourceDate "2016.06.21"]
[SourceVersion "1"]
[SourceVersionDate "2016.06.21"]
[SourceQuality "1"]

1. e4 c5 2. c3 d5 3. exd5 Qxd5 4. d4 Nc6 5. Nf3 cxd4 6. cxd4 e5 7. Nc3 Bb4 8. Bd2 Bxc3 9. Bxc3 e4 10. Ne5 Nxe5 11. dxe5 Ne7 12. Qa4+ Bd7 13. Qb4 a5 14. Qd6 Qxd6 15. exd6 Nf5 16. Rd1 0-0 17. Be2 Rfd8 18. g4 Nh4 19. 0-0 Nf3+ 20. Kg2 Bxg4 21. Kg3 Be6 22. a3 Bb3 23. Bxf3 exf3 24. Rd4 Rd7 25. Re1 Kf8 26. Re3 Ra6 27. Bxa5 Rxa5 28. Rxb3 Rg5+ 29. Kxf3 Rh5 30. h4 g5 31. Kg3 gxh4+ 32. Rxh4 Rd5 33. Rxh7 R5xd6 34. Rh8+ Kg7 35. Re8 Rg6+ 36. Kf3 Rf6+ 37. Ke2 Rc7 38. Rg3+ Rg6 39. Rxg6+ Kxg6 40. Kd3 Kf5 41. a4 Kf4 42. Re3 f5 43. b4 b6 44. Re2 Kf3 45. Ra2 f4 46. a5 bxa5 47. bxa5 Rc8 48. a6 Kg2 49. Ke4 f3 50. a7 Ra8 51. Kd5 Kg1 52. Kc6 Rg8 53. Kc5 Ra8 54. Kc6 Rg8 55. a8Q Rxa8 56. Rxa8 Kxf2 57. Kd5 Kg2 58. Rg8+ Kh2 59. Rh8+ Kg2 60. Ke4 f2 61. Rg8+ Kh2 62. Rf8 Kg2 63. Ke3 f1Q 64. Rxf1 Kxf1 1/2-1/2

[Event "EU-ch Seniors 50 16th"]
[Site "Yerevan"]
[Date "2016.06.05"]
[Round "1"]
[White "Mednikova, Svetlana"]
[Black "Chanturia, Tamar"]
[Result "1-0"]
[WhiteElo "2180"]
[BlackElo "1626"]
[PlyCount "69"]
[EventDate "2016.06.05"]
[EventType "swiss"]
[EventRounds "9"]
[EventCountry "ARM"]
[SourceTitle "CBM 172 Extra"]
[Source "ChessBase"]
[SourceDate "2016.06.21"]
[SourceVersion "1"]
[SourceVersionDate "2016.06.21"]
[SourceQuality "1"]

1. e4 e6 2. d4 d5 3. e5 c5 4. c3 Qb6 5. Nf3 Nc6 6. a3 Nh6 7. b4 cxd4 8. cxd4 Nf5 9. Bb2 a5 10. b5 a4 11. g4 Nh6 12. h3 Nd8 13. Nc3 Qa5 14. Bd3 Bd7 15. 0-0 Be7 16. Qe2 f6 17. Rfe1 Ng8 18. exf6 gxf6 19. Rac1 Nf7 20. g5 fxg5 21. Ne5 Nxe5 22. Qxe5 Bf6 23. Qxd5 Qb6 24. Qc5 Bxd4 25. Qxb6 Bxb6 26. Nd5 Ba5 27. Bxh8 Kf7 28. Nb4 Nf6 29. Bxf6 Kxf6 30. Bf1 h5 31. Red1 Ke7 32. Rc2 Rf8 33. Rcd2 Bc8 34. Bg2 Rf4 35. Bxb7 1-0

[Event "EU-chT Seniors"]
[Site "Vienna"]
[Date "2015.07.18"]
[Round "7.2"]
[White "Mednikova, Svetlana"]
[Black "Balashov, Yuri S"]
[Result "0-1"]
[WhiteElo "2190"]
[BlackElo "2437"]
[PlyCount "126"]
[EventDate "2015.07.12"]
[EventType "team-swiss"]
[EventRounds "9"]
[EventCountry "AUT"]
[SourceTitle "CBM 167 Extra"]
[Source "ChessBase"]
[SourceDate "2015.09.14"]
[SourceVersion "1"]
[SourceVersionDate "2015.09.14"]
[SourceQuality "1"]
[WhiteTeam "Russia (W)"]
[BlackTeam "Russia"]
[WhiteTeamCountry "RUS"]
[BlackTeamCountry "RUS"]

1. e4 c5 2. Nf3 e6 3. c3 d5 4. exd5 exd5 5. d4 Nc6 6. Be3 cxd4 7. Nxd4 Bd6 8. Bd3 Nf6 9. Nf5 Bxf5 10. Bxf5 Qe7 11. g3 g6 12. Bh3 Bc5 13. Qe2 Bxe3 14. Qxe3 Qxe3+ 15. fxe3 0-0 16. Nd2 Rfe8 17. 0-0 Kg7 18. Rae1 Re7 19. Bg2 Rae8 20. c4 d4 21. e4 Ng4 22. h3 Ne3 23. Rf2 Nb4 24. Bf1 Nxf1 25. Rexf1 Nd3 26. Rf3 Nxb2 27. Rb3 Na4 28. Ra3 b5 29. cxb5 Nc3 30. Ra5 Rd7 31. Kg2 Nxe4 32. Nxe4 Rxe4 33. Rf2 h5 34. Ra3 d3 35. Rd2 Rb4 36. Raxd3 Rxd3 37. Rxd3 Rxb5 38. Kf3 Ra5 39. a3 Ra4 40. Ke3 g5 41. Rc3 g4 42. hxg4 hxg4 43. Kd3 f5 44. Ke3 Kf6 45. Rb3 a6 46. Rc3 Ke6 47. Kd3 Kd5 48. Ke3 Re4+ 49. Kd3 a5 50. Rb3 Kc5 51. Rb8 Ra4 52. Rc8+ Kd5 53. Rc3 Rd4+ 54. Ke3 Rc4 55. Rd3+ Kc5 56. Ke2 Re4+ 57. Kf2 Kc4 58. Rd8 Re5 59. Rb8 Rb5 60. Rc8+ Kb3 61. Ke3 Kxa3 62. Kf4 a4 63. Re8 Kb4 0-1

[Event "EU-ch Seniors 50 15th"]
[Site "Eretria"]
[Date "2015.05.03"]
[Round "5"]
[White "Mednikova, Svetlana"]
[Black "Berkovich, Mark A"]
[Result "0-1"]
[WhiteElo "2205"]
[BlackElo "2363"]
[PlyCount "80"]
[EventDate "2015.04.29"]
[EventType "swiss"]
[EventRounds "9"]
[EventCountry "GRE"]
[SourceTitle "CBM 166 Extra"]
[Source "ChessBase"]
[SourceDate "2015.06.18"]
[SourceVersion "1"]
[SourceVersionDate "2015.06.18"]
[SourceQuality "1"]

1. e4 c6 2. d3 d5 3. Nd2 e5 4. Ngf3 Bd6 5. g3 Nf6 6. Bg2 0-0 7. 0-0 Re8 8. exd5 cxd5 9. h3 Nc6 10. Re1 h6 11. c3 e4 12. dxe4 dxe4 13. Nd4 Nxd4 14. cxd4 Bf5 15. Nc4 Bb4 16. Re2 Rc8 17. Ne3 Bg6 18. a3 Ba5 19. Bd2 Bb6 20. Bc3 Nd5 21. Qb3 Nxc3 22. bxc3 Qd7 23. Rb1 Bc7 24. Qd5 Qxd5 25. Nxd5 b6 26. Rbe1 f5 27. g4 Bf7 28. Nxc7 Rxc7 29. gxf5 Rxc3 30. a4 Rc4 31. a5 bxa5 32. Rxe4 Rxe4 33. Rxe4 a4 34. Re7 Rc1+ 35. Kh2 a3 36. d5 a2 37. d6 a1Q 38. d7 Rd1 39. Re8+ Kh7 40. f6 Qxf6 0-1

[Event "Wch Seniors (Women) 24th"]
[Site "Katerini"]
[Date "2014.11.03"]
[Round "10"]
[White "Mednikova, Svetlana"]
[Black "Birkholz, Olga"]
[Result "1-0"]
[WhiteElo "2154"]
[BlackElo "2067"]
[PlyCount "153"]
[EventDate "2014.10.24"]
[EventType "swiss"]
[EventRounds "11"]
[EventCountry "GRE"]
[SourceTitle "EXT 2015"]
[Source "ChessBase"]
[SourceDate "2014.11.20"]
[SourceVersion "1"]
[SourceVersionDate "2014.11.20"]
[SourceQuality "1"]

1. e4 a6 2. d4 g6 3. Nc3 Bg7 4. g3 b5 5. Bg2 Bb7 6. Nge2 b4 7. Nd5 Nc6 8. 0-0 d6 9. c3 bxc3 10. bxc3 h5 11. Rb1 Rb8 12. f4 e6 13. Ne3 Nce7 14. Qd3 Nh6 15. c4 0-0 16. d5 Qd7 17. Bb2 Bxb2 18. Rxb2 Ba8 19. Rd2 exd5 20. cxd5 Rb6 21. f5 Qb5 22. Qd4 Qc5 23. Qxc5 dxc5 24. f6 Nc8 25. Rc2 Rb5 26. Rfc1 c6 27. Rxc5 Rxc5 28. Rxc5 cxd5 29. Nxd5 Bxd5 30. exd5 Rd8 31. Rc6 Ng4 32. Nc3 a5 33. Bh3 Nd6 34. Ra6 Nxf6 35. Rxa5 Nc4 36. Rc5 Ne3 37. Bg2 Nxg2 38. Kxg2 Kf8 39. Kf3 Rd7 40. h3 Ke7 41. Ke3 Ra7 42. a4 Nd7 43. Rb5 Ra6 44. Kd4 g5 45. a5 f5 46. Na4 f4 47. gxf4 Rf6 48. Nb6 Rxf4+ 49. Ke3 Rf8 50. d6+ Ke6 51. Nxd7 Kxd7 52. Rxg5 h4 53. a6 Ra8 54. a7 Kxd6 55. Ra5 Kc6 56. Kf4 Kb6 57. Ra1 Kb7 58. Kg4 Rg8+ 59. Kxh4 Ka8 60. Ra5 Rd8 61. Kg4 Rd4+ 62. Kg5 Rd1 63. h4 Rd6 64. h5 Rd1 65. h6 Rg1+ 66. Kf6 Rh1 67. Kg6 Rc1 68. Rh5 Rc6+ 69. Kf7 Rc7+ 70. Ke6 Rh7 71. Kf6 Rb7 72. Kg6 Rc7 73. h7 Rc6+ 74. Kg5 Rc5+ 75. Kg4 Rc4+ 76. Kf3 Rc3+ 77. Ke2 1-0

[Event "Wch Seniors (Women) 24th"]
[Site "Katerini"]
[Date "2014.11.02"]
[Round "9"]
[White "Ankudinova, Elena"]
[Black "Mednikova, Svetlana"]
[Result "0-1"]
[WhiteElo "2121"]
[BlackElo "2154"]
[PlyCount "92"]
[EventDate "2014.10.24"]
[EventType "swiss"]
[EventRounds "11"]
[EventCountry "GRE"]
[SourceTitle "EXT 2015"]
[Source "ChessBase"]
[SourceDate "2014.11.20"]
[SourceVersion "1"]
[SourceVersionDate "2014.11.20"]
[SourceQuality "1"]

1. Nf3 d5 2. c4 dxc4 3. Qa4+ c6 4. Qxc4 Nf6 5. g3 b5 6. Qc2 Bb7 7. Bg2 e6 8. 0-0 c5 9. a4 b4 10. a5 a6 11. Rd1 Be7 12. d4 Qc8 13. Nbd2 0-0 14. Nc4 Be4 15. Qb3 Bd5 16. Nfe5 Bxg2 17. Kxg2 Nbd7 18. Be3 Nd5 19. Rac1 Qb7 20. f3 Nxe3+ 21. Qxe3 cxd4 22. Qxd4 Nxe5 23. Qxe5 Bf6 24. Qe3 Qb5 25. b3 Bg5 26. f4 Bf6 27. Rd6 Rad8 28. Qb6 h6 29. Qxa6 Qh5 30. Rc2 Qf5 31. Rcd2 Qe4+ 32. Kg1 Rxd6 33. Rxd6 Qb1+ 34. Kf2 Qxb3 35. Qc6 Qa2 36. a6 b3 37. Rd2 Qa1 38. Qb7 Bd4+ 39. e3 Bc5 40. Rb2 Qa4 41. Ne5 Qa1 42. Rxb3 Qc1 43. Nd7 Rd8 44. Rd3 Qc2+ 45. Kf3 Qxd3 46. Nxc5 Qd1+ 0-1

[Event "Wch Seniors (Women) 24th"]
[Site "Katerini"]
[Date "2014.10.31"]
[Round "7"]
[White "Mednikova, Svetlana"]
[Black "Fatalibekova, Elena"]
[Result "1/2-1/2"]
[WhiteElo "2154"]
[BlackElo "2215"]
[PlyCount "20"]
[EventDate "2014.10.24"]
[EventType "swiss"]
[EventRounds "11"]
[EventCountry "GRE"]
[SourceTitle "EXT 2015"]
[Source "ChessBase"]
[SourceDate "2014.11.20"]
[SourceVersion "1"]
[SourceVersionDate "2014.11.20"]
[SourceQuality "1"]

1. e4 e5 2. Nf3 Nc6 3. Bb5 Nf6 4. 0-0 Nxe4 5. d4 Nd6 6. Bxc6 dxc6 7. dxe5 Nf5 8. Qxd8+ Kxd8 9. Rd1+ Ke8 10. Nc3 Bd7 1/2-1/2

[Event "Wch Seniors (Women) 24th"]
[Site "Katerini"]
[Date "2014.10.26"]
[Round "3"]
[White "Mednikova, Svetlana"]
[Black "Strutinskaya, Galina N"]
[Result "1-0"]
[WhiteElo "2154"]
[BlackElo "2287"]
[PlyCount "77"]
[EventDate "2014.10.24"]
[EventType "swiss"]
[EventRounds "11"]
[EventCountry "GRE"]
[SourceTitle "EXT 2015"]
[Source "ChessBase"]
[SourceDate "2014.11.20"]
[SourceVersion "1"]
[SourceVersionDate "2014.11.20"]
[SourceQuality "1"]

1. e4 c5 2. Nf3 d6 3. c3 Nf6 4. Bb5+ Nbd7 5. d3 e6 6. 0-0 Be7 7. Ba4 0-0 8. h3 Rb8 9. c4 Ne5 10. Nc3 a6 11. Be3 b6 12. Qe2 Bb7 13. Bc2 Rc8 14. Rac1 Qd7 15. a4 Nxf3+ 16. Qxf3 d5 17. cxd5 exd5 18. Bf4 d4 19. Ne2 Bc6 20. Ng3 Rfe8 21. Ra1 b5 22. axb5 axb5 23. Bb3 Ra8 24. Nh5 Rxa1 25. Rxa1 c4 26. Nxf6+ Bxf6 27. dxc4 Bxe4 28. Qg3 Rc8 29. Be5 Bxe5 30. Qxe5 bxc4 31. Bxc4 Bc2 32. b3 h6 33. Qf4 Rd8 34. Ra5 Qb7 35. Rb5 Qa7 36. Qf3 Qe7 37. Rb7 Rd7 38. Qxf7+ Qxf7 39. Rxd7 1-0

[Event "EU-ch Seniors 50 Blitz"]
[Site "Porto"]
[Date "2014.03.21"]
[Round "2"]
[White "Fernandes, Antonio ETG"]
[Black "Mednikova, Svetlana"]
[Result "1-0"]
[WhiteElo "2359"]
[BlackElo "2125"]
[PlyCount "33"]
[EventDate "2014.03.21"]
[EventType "swiss (blitz)"]
[EventRounds "9"]
[EventCountry "POR"]
[SourceTitle "EXT 2015"]
[Source "ChessBase"]
[SourceDate "2014.11.20"]
[SourceVersion "1"]
[SourceVersionDate "2014.11.20"]
[SourceQuality "1"]

1. d4 e6 2. e4 d5 3. exd5 exd5 4. c4 dxc4 5. Bxc4 Bd6 6. h3 Nf6 7. Nf3 Qe7+ 8. Be3 0-0 9. 0-0 Nc6 10. Re1 Bf5 11. Nc3 a6 12. Bg5 Qd7 13. Bxf6 gxf6 14. Nd5 Kg7 15. Nh4 Ne7 16. Nxe7 Bxe7 17. Rxe7 1-0